Discurso en la campaña electoral de 2023 en España y en Eslovaquia bakalárska práca

Gespeichert in:
Bibliographische Detailangaben
1. Verfasser: Sabolová, Soňa
Körperschaft: Fakulta aplikovaných jazykov EU v Bratislave. Katedra románskych a slovanských jazykov
Weitere Verfasser: Spišiaková, Mária, 1973-
Format: Buch
Sprache:Spanisch
Veröffentlicht: Bratislava 2024
Tags: Tag hinzufügen
Keine Tags, Fügen Sie das erste Tag hinzu!

MARC

LEADER 00000nbm a2200000 4500
001 0300585
005 20250327132606.4
041 0 |a spa 
044 |a SK 
245 1 0 |a Discurso en la campaña electoral de 2023 en España y en Eslovaquia  |b bakalárska práca  |c Soňa Sabolová ; školiteľ: Mária Spišiaková 
264 1 |a Bratislava  |c 2024 
300 |a 78 s. 
100 1 |a Sabolová, Soňa 
700 1 |a Spišiaková, Mária, 1973- 
710 2 |a Fakulta aplikovaných jazykov EU v Bratislave. Katedra románskych a slovanských jazykov